|
|
|
|
| LEADER |
00000nam0a2200000 4500 |
| 001 |
14158 |
| 005 |
20231030185444.0 |
| 010 |
|
|
|a 5774901521
|
| 035 |
|
|
|a (RuTPU)RU\TPU\book\14246
|
| 035 |
|
|
|a BOOK00014314
|
| 090 |
|
|
|a 14158
|
| 100 |
|
|
|a 20011209d1999 km y0rusy50 ca
|
| 101 |
1 |
|
|a rus
|c eng
|
| 102 |
|
|
|a RU
|
| 105 |
|
|
|a y z 000zy
|
| 200 |
1 |
|
|a Сколько стоит фирма? Теорема ММ
|e пер. с англ.
|f Ф. Модильяни, М. Миллер
|
| 210 |
|
|
|a Москва
|c Дело
|d 1999
|
| 215 |
|
|
|a 270 с.
|
| 225 |
1 |
|
|a Экономика: идеи и портреты
|
| 610 |
1 |
|
|a экономика
|
| 610 |
1 |
|
|a фирмы
|
| 610 |
1 |
|
|a финансы
|
| 610 |
1 |
|
|a инвестиции
|
| 610 |
1 |
|
|a корпорации
|
| 610 |
1 |
|
|a налоги
|
| 686 |
|
|
|a У826
|v LBC/SL-A
|2 rubbk
|
| 700 |
|
1 |
|a Модильяни
|b Ф.
|g Франко
|
| 701 |
|
1 |
|a Миллер
|b М.
|g Мертон
|
| 801 |
|
0 |
|a RU
|b 63413507
|c 20011209
|g PSBO
|
| 801 |
|
2 |
|a RU
|b 63413507
|c 20181002
|g PSBO
|
| 942 |
|
|
|c BK
|